Americas A-Z - Statistics

General Stats
  • This quiz has been taken 22 times
  • The average score is 40 of 52
Answer Stats
Hint Answer % Correct
C) The Windy City Chicago
100%
D) The Mile High city Denver
100%
E) Central American country El Salvador
100%
F) AKA the Sunshine state Florida
100%
G) Remote Ecuadorian islands whereDarwin researched his theory of evolution Galapagos
100%
H) Its capital is Tegucigalpa Honduras
100%
I) Potatoes are famously grown in this state Idaho
100%
I) This empire had famous cities like Cuzcoand Machu Picchu high in the Andes Inca
100%
J) Bob Marley and Usain Bolt hail from this island Jamaica
100%
K) The Sunflower state Kansas
100%
K) The horseracing championship is held at Churchill Downs in this state Kentucky
100%
L) Aka the City of Angels Los Angeles
100%
O) Closest major city to Disney World Orlando
100%
O) Capital city of Canada Ottawa
100%
T) Biggest city in Canada Toronto
100%
U) Its capital is Montevideo Uruguay
100%
U) Salt Lake City is the capital of this state Utah
100%
V) Oil rich country that has had tensions with theUS Venezuela
100%
W) Capital of the US Washington DC
100%
A) Home to the worlds busiestairport, Hartsfield-Jackson Atlanta
95%
H) Island that compromises Haiti and the DR Hispaniola
95%
L) Francisco Pizarro founded this megacity after the Incan defeat in 1535 Lima
95%
N) Aka the Big Apple, one of the largest cities inAmerica New York
95%
Q) French speaking Canadian province Quebec
95%
S) The Golden Gate bridge is located here San Francisco
95%
D) Home to Santo Domingo and PuntaCana Dominican Republic
90%
P) This famous waterway connects the Atlantic and Pacific oceans in central America Panama Canal
90%
R) Home to Sugarloaf mountain and Christthe Redeemer Rio De Janeiro
90%
S) Capital of Costa Rica San Jose
90%
Y) Peninsula state in Mexico popular with resorts Yucatan
90%
B) Aka Beantown Boston
85%
M) Its capital is Winnipeg Manitoba
85%
B) Translates to fair/good winds Buenos Aires
80%
G) Capital of Guyana Georgetown
80%
M) Capital of the vast Amazonas state of Brazil,known for its rubber Manaus
70%
P) Capital of Suriname Paramaribo
70%
F) Coastal Brazilian city, capital of theCeara state Fortaleza
60%
N) Remote Canadian subdivision and its leastpopulated Nunavut
60%
V) Chilean city known for its colorful houses Valparaiso
60%
Q) Currency of Guatemala Quetzal
55%
Y) Capital of the Northwest Territories of Canada Yellowknife
55%
A) Highest peak in both Americas Aconcagua
50%
C) Famous Mayan pyramid complexin Yucatan, Mexico Chichen Itza
50%
W) Collective name of the Caribbean island area during the age of Exploration West Indies
50%
E) Canadas 3rd largest and 10th largestisland in the world Ellesmere
45%
J) Guadalajara is the capital of this Mexican state Jalisco
45%
T) Mexico City was built on the site of this Azteccapital Tenochtitlan
40%
R) Popular vacation island off the coast ofHonduras Roatan
10%
X) Capital of Mexicos' Veracruz state Xalapa
10%
X) Borough of Mexico City with Aztec canals Xochimilco
10%
Z) Mexican city once known as a mining hub of silver Zacatecas
10%
Z) Mountain range in northwestern New Mexico Zuni
10%
No matching quizzes found
Score Distribution
Percent of People with Each Score
Percentile by Number Answered
Your Score History
You have not taken this quiz